| 000 | 00415nam a2200169 a 4500 | ||
|---|---|---|---|
| 005 | 20140414132028.0 | ||
| 008 | 040128s19uu xx 00 eng d | ||
| 020 | _a0-439-08207-2 | ||
| 050 |
_aTR _bL71 1999 |
||
| 100 | _aWest, Tracy | ||
| 245 |
_aLiz takes flight / _cTracey West. |
||
| 260 |
_aU.S.A : _bScholastic, _c1999. |
||
| 300 | _a24 p. ; cm. | ||
| 999 |
_c113576 _d113576 |
||